Ανθολογία

Αποθηκεύτηκε σε:
Λεπτομέρειες βιβλιογραφικής εγγραφής
Κύριος συγγραφέας: Παλαμάς, Κωστής, 1859-1943
Άλλοι συγγραφείς: Κατσίμπαλης, Γ. Κ. (Γιώργιος Κ.), 1899-1978 (Επιμελητής έκδοσης), Καραντώνης, Ανδρέας, 1910-1982 (Επιμελητής έκδοσης)
Μορφή: Βιβλίο
Γλώσσα:Greek
Δημοσίευση: Αθήνα : Βιβλιοπωλείο της Εστίας, 1994.
Έκδοση:4η εκδ.
Θέματα:
Ετικέτες: Προσθήκη ετικέτας
Δεν υπάρχουν, Καταχωρήστε ετικέτα πρώτοι!

MARC

LEADER 00000cam a2200000 i 4500
001 1/32146
008 960730s1994####gr | ||| |||| ||gre||
020 |a 9600503028 
035 |1 ΕΛΗ  |a 1996  |b 2607  |c ΒΙΒΛΙΟΘΗΚΗ  |l 10039021 
040 |a GR-MyUA  |b gre  |e AACR2 
041 0 |a gre 
082 0 |a 889.1  
100 1 |a Παλαμάς, Κωστής,   |d 1859-1943. 
245 1 0 |a Ανθολογία /   |c Κωστή Παλαμά ; εκλογή Γ.Κ. Κατσιμπάλη και Αντρέα Καραντώνη.  
250 |a 4η εκδ.  
260 |a Αθήνα :   |b Βιβλιοπωλείο της Εστίας,   |c 1994.  
300 |a 446 σ. ;   |c 22 εκ.  
650 0 0 |a Greek poetry. 
700 1 |a Κατσίμπαλης, Γ. Κ.   |q (Γιώργιος Κ.),   |d 1899-1978,  |e edt 
700 1 |a Καραντώνης, Ανδρέας,   |d 1910-1982,  |e edt 
852 |a INST  |b SAMOS  |e 19960730  |h 889.1 ΠΑΛ  |p 005300008360  |q 005300008360  |t BK  |y 0 
901 |a BIBL-1997-2 
909 |a Σ  |b 049868